Discografía de Carolina Durante - Estadísticas

Estadísticas generales
  • Esta prueba ha sido intentada 52 veces
  • La puntuación promedio es 33 de 55
Estadísticas de respuestas
Grupo Respuesta % Correcto
Elige Tu Propia Aventura Elige Tu Propia Aventura
91%
Elige Tu Propia Aventura Hamburguesas
91%
Cuatro Chavales Aaaaaa#$!&
87%
Elige Tu Propia Aventura Joderse La Vida
87%
Elige Tu Propia Aventura Normal
87%
Elige Tu Propia Aventura Probablemente Tengas Razón
87%
Elige Tu Propia Aventura Tempo 2
87%
Cuatro Chavales Famoso En Tres Calles
83%
Carolina Durante Las canciones de Juanita
83%
Examiga Cayetano
78%
Elige Tu Propia Aventura Misil
78%
Elige Tu Propia Aventura San Juan
78%
Cuatro Chavales Granja Escuela
74%
Elige Tu Propia Aventura Interludio
74%
Elige Tu Propia Aventura Monstruo
74%
Elige Tu Propia Aventura Tomé Café
74%
Elige Tu Propia Aventura Verdes, Césped
74%
Cuatro Chavales Colores
70%
Necromántico Necromántico
70%
Sencillos Perdona
70%
Del Horno A La Boca El Parque De Las Balas
65%
Cuatro Chavales Moreno De Contrabando
65%
Examiga Niña de hielo
65%
Elige Tu Propia Aventura Dios Plan
61%
Necromántico En verano
61%
Carolina Durante Joder, no sé
61%
Cuatro Chavales Tu Nuevo Grupo Favorito
61%
Cuatro Chavales 10
57%
Examiga 300 golpes
57%
Sencillos Casa Kira
57%
Necromántico La noche de los muertos vivientes
57%
Cuatro Chavales Urbanitas
57%
Sencillos Ya no hay verano
57%
Sencillos Yo pensaba que me habia tocado Dios
57%
Cuatro Chavales Yo Soy El Problema
57%
Carolina Durante El perro de tu señorio
52%
Cuatro Chavales La Planta Que Muere En La Esquina
52%
Carolina Durante Cuando niño
48%
Sencillos El Himno Titular
48%
Carolina Durante Nuevas formas de hacer el ridículo
48%
Carolina Durante Buenos consejos, peores personas
43%
Carolina Durante Cementerio (El Último Parque)
43%
Carolina Durante El año
43%
Del Horno A La Boca Lo Segundo, Ya No Tanto
43%
Cuatro Chavales No Es Tu Día
43%
Sencillos Espacio Vacío
39%
Carolina Durante Falta sentimiento
39%
Carolina Durante KLK
39%
Del Horno A La Boca La Canción Que Creo Que No Te Mereces
39%
Sencillos Marta, Sebas, Guille y los demás
39%
Sencillos No Tan Jóvenes
39%
Cuatro Chavales Minuto 93
35%
Sencillos Salvaje Pasión
35%
Sencillos Markusiano
30%
Sencillos Nuevos Vicios
26%
No se encontraron pruebas coincidentes
Distribución de puntuación
Porcentaje de gente con cada puntuación
Porcentaje por número respondido
Historial de tus puntuaciones
No has intentado esta prueba.